[Event "Almaty op"]
[Site "Almaty"]
[Date "2019.10.12"]
[Round "7"]
[White "Kenzhalin, Nursultan"]
[Black "Dauletova, Gulmira"]
[Result "1-0"]
[WhiteElo "2193"]
[BlackElo "2259"]
[PlyCount "123"]
[EventDate "2019.10.07"]
[EventType "swiss"]
[EventRounds "9"]
[EventCountry "KAZ"]
[SourceTitle "EXT 2020"]
[Source "ChessBase"]
[SourceDate "2019.10.17"]
[SourceVersion "1"]
[SourceVersionDate "2019.10.17"]
[SourceQuality "1"]

1. d4 Nf6 2. c4 e6 3. Nf3 d5 4. g3 dxc4 5. Bg2 a6 6. 0-0 Nc6 7. e3 Bd7 8. Qe2 b5 9. a4 Rb8 10. axb5 axb5 11. Nc3 Be7 12. Ne5 Nb4 13. e4 0-0 14. Be3 Qc8 15. Rfd1 Rd8 16. g4 Be8 17. Na2 Nxa2 18. Rxa2 c5 19. d5 Bd6 20. f4 Qc7 21. Bd2 Bxe5 22. Ba5 Bd4+ 23. Rxd4 Qxf4 24. Rd1 Nxg4 25. h3 Qh2+ 26. Kf1 Qf4+ 27. Kg1 Ne5 28. Rf1 Qg5 29. Bc7 f6 30. Bxb8 Rxb8 31. dxe6 b4 32. Rfa1 Bc6 33. Ra6 h5 34. Rxc6 Nxc6 35. Qxc4 Qe3+ 36. Kh1 Ne5 37. Qd5 Qd4 38. e7+ Qxd5 39. exd5 Kf7 40. d6 Ke6 41. Ra8 Rxa8 42. Bxa8 Kf7 43. Bd5+ Ke8 44. Bb3 c4 45. Ba4+ Nd7 46. Bc2 Ne5 47. Ba4+ Nd7 48. Kg2 b3 49. Kf3 c3 50. bxc3 b2 51. Bc2 Ne5+ 52. Ke4 g6 53. Kd5 Kf7 54. c4 g5 55. c5 g4 56. hxg4 h4 57. c6 h3 58. c7 h2 59. e8Q+ Kxe8 60. c8Q+ Kf7 61. Qb7+ Kf8 62. Ke6 1-0

[Event "Almaty op"]
[Site "Almaty"]
[Date "2019.10.10"]
[Round "5"]
[White "Kenzhalin, Nursultan"]
[Black "Makhnev, Denis"]
[Result "0-1"]
[WhiteElo "2193"]
[BlackElo "2478"]
[PlyCount "94"]
[EventDate "2019.10.07"]
[EventType "swiss"]
[EventRounds "9"]
[EventCountry "KAZ"]
[SourceTitle "EXT 2020"]
[Source "ChessBase"]
[SourceDate "2019.10.17"]
[SourceVersion "1"]
[SourceVersionDate "2019.10.17"]
[SourceQuality "1"]

1. d4 Nf6 2. c4 e6 3. Nf3 b6 4. g3 Ba6 5. Qc2 Bb7 6. Bg2 Bb4+ 7. Bd2 a5 8. 0-0 0-0 9. Nc3 Bxc3 10. Bxc3 Be4 11. Qc1 d5 12. b3 Nbd7 13. Rd1 Qc8 14. Qf4 a4 15. Nd2 Bxg2 16. Kxg2 Qb7 17. f3 b5 18. Rab1 axb3 19. axb3 Rfe8 20. c5 b4 21. Bb2 Nb8 22. e4 Nfd7 23. e5 f6 24. exf6 Nxf6 25. Re1 Nc6 26. Ra1 Rxa1 27. Rxa1 Qb5 28. Qe3 Nd7 29. f4 Nf6 30. h3 Kf8 31. Re1 Ne7 32. g4 Ng6 33. Kg3 h5 34. Qf3 Qd7 35. g5 h4+ 36. Kh2 Ng8 37. Qh5 Qf7 38. Qg4 N8e7 39. Bc1 Nf5 40. Nf3 Ra8 41. Qg2 Ng3 42. Nxh4 Nxh4 43. Qxg3 Ra2+ 44. Kh1 Qh5 45. Rf1 Qe2 46. Kg1 Qe4 47. Rf2 Qe1+ 0-1

[Event "Almaty op"]
[Site "Almaty"]
[Date "2019.10.08"]
[Round "3"]
[White "Kenzhalin, Nursultan"]
[Black "Tologontegin, Semetey"]
[Result "1-0"]
[WhiteElo "2193"]
[BlackElo "2369"]
[PlyCount "121"]
[EventDate "2019.10.07"]
[EventType "swiss"]
[EventRounds "9"]
[EventCountry "KAZ"]
[SourceTitle "EXT 2020"]
[Source "ChessBase"]
[SourceDate "2019.10.17"]
[SourceVersion "1"]
[SourceVersionDate "2019.10.17"]
[SourceQuality "1"]

1. d4 g6 2. Nf3 Bg7 3. g3 d6 4. Bg2 Bd7 5. c3 Qc8 6. 0-0 e5 7. e4 Nc6 8. Na3 Bg4 9. Nc2 Nf6 10. Re1 0-0 11. Qd3 Re8 12. d5 Ne7 13. Nd2 Bh6 14. Nc4 Bxc1 15. Raxc1 Nh5 16. Qd2 Bh3 17. Bf3 Ng7 18. Bh1 f5 19. f4 exf4 20. Qxf4 fxe4 21. Bxe4 Qd7 22. Nd4 Nef5 23. Bxf5 Nxf5 24. Nxf5 Bxf5 25. Qd4 b6 26. Nd2 Re7 27. g4 Bxg4 28. Ne4 Rf8 29. Nf6+ Rxf6 30. Qxf6 Rf7 31. Qd4 h5 32. Re3 Kh7 33. Rce1 Bf3 34. Re8 Rg7 35. Qxg7+ Qxg7 36. R8e7 Bxd5 37. Rxg7+ Kxg7 38. Re7+ Kf6 39. Rxc7 Bxa2 40. Rxa7 Bc4 41. Rb7 b5 42. Kf2 Kf5 43. b3 Bd3 44. Ke3 Bc2 45. Rxb5+ Kg4 46. Kf2 Kf4 47. Rb4+ Ke5 48. Ke3 g5 49. Rb8 h4 50. b4 g4 51. Rh8 h3 52. b5 Kd5 53. Rh5+ Ke6 54. Rg5 Bd1 55. b6 Kd7 56. Rg7+ Kc8 57. Kf4 d5 58. Ke5 Bf3 59. Kd6 Kb8 60. Kc5 Kc8 61. b7+ 1-0

[Event "KAZ-ch"]
[Site "Pavlodar"]
[Date "2015.05.13"]
[Round "3"]
[White "Kenzhalin, Nursultan"]
[Black "Gnusarev, Pavel"]
[Result "1/2-1/2"]
[WhiteElo "2173"]
[BlackElo "2354"]
[PlyCount "30"]
[EventDate "2015.05.11"]
[EventType "swiss"]
[EventRounds "9"]
[EventCountry "KAZ"]
[SourceTitle "EXT 2016"]
[Source "ChessBase"]
[SourceDate "2015.10.08"]
[SourceVersion "1"]
[SourceVersionDate "2015.10.08"]
[SourceQuality "1"]

1. d4 Nf6 2. Nf3 e6 3. c4 c5 4. Nc3 cxd4 5. Nxd4 a6 6. e3 b6 7. Be2 Bb7 8. Bf3 Qc7 9. Bxb7 Qxb7 10. Qf3 Qxf3 11. Nxf3 Nc6 12. Bd2 Rb8 13. Ke2 b5 14. cxb5 axb5 15. Rhc1 Be7 1/2-1/2

[Event "KAZ-ch"]
[Site "Pavlodar"]
[Date "2015.05.12"]
[Round "2"]
[White "Lozhnikov, Vyacheslav"]
[Black "Kenzhalin, Nursultan"]
[Result "1/2-1/2"]
[WhiteElo "2318"]
[BlackElo "2173"]
[PlyCount "49"]
[EventDate "2015.05.11"]
[EventType "swiss"]
[EventRounds "9"]
[EventCountry "KAZ"]
[SourceTitle "EXT 2016"]
[Source "ChessBase"]
[SourceDate "2015.10.08"]
[SourceVersion "1"]
[SourceVersionDate "2015.10.08"]
[SourceQuality "1"]

1. d4 d5 2. c4 c6 3. Nf3 Nf6 4. e3 Bg4 5. h3 Bxf3 6. Qxf3 e6 7. Nc3 Bb4 8. Bd3 Nbd7 9. Qd1 dxc4 10. Bxc4 Bxc3+ 11. bxc3 Qa5 12. Bb2 b5 13. Bd3 Nb6 14. 0-0 Nc4 15. Qc2 Nxb2 16. Qxb2 0-0 17. Rfc1 Rab8 18. a4 bxa4 19. Qa3 Rfc8 20. Qxa4 Qxa4 21. Rxa4 Rc7 22. Rca1 Rb3 23. R1a3 Rxa3 24. Rxa3 Nd7 25. Kf1 1/2-1/2

[Event "Kustanay Ufimtsev Memorial"]
[Site "Kustanay"]
[Date "2011.06.16"]
[Round "5"]
[White "Kenzhalin, Nursultan"]
[Black "Zaurenbek, Adilet"]
[Result "1-0"]
[WhiteElo "2187"]
[BlackElo "1955"]
[PlyCount "67"]
[EventDate "2011.06.13"]
[EventType "tourn"]
[EventRounds "9"]
[EventCountry "KAZ"]
[SourceTitle "EXT 2012"]
[Source "ChessBase"]
[SourceDate "2011.11.24"]
[SourceVersion "1"]
[SourceVersionDate "2011.11.24"]
[SourceQuality "1"]

1. d4 Nf6 2. c4 g6 3. Nf3 Bg7 4. Nc3 0-0 5. h3 d6 6. Bf4 c5 7. e3 Nc6 8. Be2 Bd7 9. 0-0 h6 10. Bh2 g5 11. d5 Nb8 12. Ne1 Qc8 13. e4 Kh8 14. Nc2 Na6 15. a3 Rg8 16. Qd2 h5 17. e5 dxe5 18. Bxe5 Nh7 19. Bxg7+ Rxg7 20. Qe3 h4 21. Qxe7 f5 22. Qe5 g4 23. Kh2 Qg8 24. Ne3 Rf8 25. Bd3 f4 26. Nxg4 Bxg4 27. hxg4 f3 28. g3 Nf6 29. Bf5 Qh7 30. Rh1 Qxf5 31. Qxf5 Nxg4+ 32. Qxg4 Rxg4 33. Kg1 Rxc4 34. Re1 1-0